000 00638nam a2200229 a 4500
999 _c4561
_d4561
001 4561
003 BD-JhCC
005 20210329134019.0
008 171128s1999 b |||| || | 000 0 eng d
035 _a(BD-JhCC)4561
040 _aBD-JhCC
_dBD-JhCC
041 _aeng
082 _a425
_bCHO 1999
100 _aChowdhury, Md. Yousuf Ali
245 _aModel Questions Advanced Learner's Communicative English /
_c Md. Yousuf Ali Chowdhury,
260 _aDhaka :
_bAdvanced Publications,
_c1999.
300 _a283 p. :
_c21 cm.
650 _aEnglish Language
700 _aMd. Mofazzel Hossain
942 _2ddc
_cBK
_02